Myjava

Bibliographic Details
Corporate Author: Foto Tatra (Trenčín, Slovensko) (Author)
Format: Photo
Language:Slovak
PhysicalDescription:1 pohľadnica čb 9x14 cm
Published: Praha-Smíchov V. Neubert [192-]
Subjects:

MARC

LEADER 00000nkmaa2200000 a 4500
001 vtls010112334
003 SK-MaSNL
005 20260426005325.0
007 kf bo
008 231204s192u xr 000 ||00 k|slo
035 |a 03321335-56FA-4BBE-8E04-C90B96EDAAF2 
035 |a urn:nbn:sk:snk-km001xex 
035 |a urn:nbn:sk:snk-kmti8b 
040 |a SNKLA  |b slo  |c SNKLA  |e AACR2 
041 0 |a slo 
044 |a xr  |c CZ 
110 2 |a Foto Tatra (Trenčín, Slovensko)  |4 aut  |9 133143 
245 1 0 |a Myjava  |h [grafika]  |c Foto Tatra 
260 |a Praha-Smíchov  |b V. Neubert  |c [192-] 
300 |a 1 pohľadnica  |b čb  |c 9x14 cm 
651 7 |a Myjava (Slovensko)  |2 SNKPH  |9 39468 
651 7 |a Slovensko  |2 SNKPH  |9 14231 
655 7 |a geografické pohľadnice  |2 SNKPH  |9 70522 
958 |a BLA 
999 |c 1005513  |d 1007443 
952 |a SNKLA  |b SNKLA  |c SNKLA_DEP  |y NEVYP  |7 0  |p 17A0650652  |o snkLA 5895/1984  |0 0  |1 0  |4 0  |d 2014-07-24  |f 1  |l 0  |r 2026-02-24 12:33:58  |w 2026-02-24